Gdzie to rośnie? - Klikanie #1 - Statystyki

Ogólne statystyki
  • Ten quiz został rozwiązany 70 razy
  • Średni wynik to 16 z 26
Statystyki odpowiedzi
Hint Odpowiedź % Poprawnych
Jabłko
92%
Wiśnia
92%
Ziemniak
90%
Orzech Włoski
82%
Cytryna
77%
Sałata
77%
Pomidor
75%
Burak
75%
Marchew
75%
Oliwa
73%
Winogrono
73%
Brokuł
68%
Ogórek
65%
Cebula
65%
Rabarbar
62%
Awokado
58%
Imbir
58%
Czosnek
55%
Cynamon
52%
Arbuz
50%
Zielony szparag
45%
Pędy bambusa
42%
Dynia
40%
Seler
32%
Kiwi
17%
Orzech
3%
Nie znaleziono quizów pasujących do podanych kryteriów
Rozkład punktacji
Procent ludzi z każdym wynikiem
Percentyl według liczby udzielonych odpowiedzi
Twoja historia wyników
Nie rozwiązałeś tego quizu